1903 1313 1316 1580 1780 1225 1529 1250 1378 1247 1720 1476 1059 1350 1134 1836 1643 1683 1722 1360 1696 1069 1707 1334 1573 1868 1979 1962 1524 1369 1550 1695 1353 1151 1640 1577 1097 1560 1967 1890 1477 1832 1101 1494 1105 1284 1066 1848 1356 1495 1511 1332 1719 1413 1788 1223 1060 1719 1849 1788 1075 1610 1050 1562 1456 1404 1129 1576 1629 1533 1291 1680 1813 1514 1612 1616 1373 1829 1683 1832 1448 1106 1972 1426 1670 1016 1717 1313 1095 1190 1127 1394 1031 1926 1613 1853 1993 1639 1641 BCNSPRNW ULIB Ver.6.0+V

เปลี่ยนเป็นภาษาไทย

Change to English
 แสดงรายละเอียดบรรณานุกรม
  กลับหน้าหลัก

Brief Record : Get Marc (ISO 2709) : E-mail record : QR code < ปิดหน้าต่าง
LEADER : 00000nam 2200000uu 4500
001    13399128415
003     ULIB
008    230815s2565||||th 000 0 tha d
020 ^  ^a9786165905275 : ^c1490 บาท
060 0  ^aW13^bท572ภ
100 1  ^aเทย์, จอย.
245 1  ^aภาษาอังกฤษทางคลินิก แพทย์ & พยาบาล = ^bClinical english /^cJoy Tay ;บรรณาธิการ อรฤดี เสมาเงิน.
246 3  ^aภาษาอังกฤษทางคลินิก แพทย์ & พยาบาล
246 3  ^aClinical english
250 ^  ^aพิมพ์ครั้งที่ 2.
260 ^  ^aกรุงเทพฯ :^bสำนักพิมพ์จุฬาลงกรณ์มหาวิทยาลัย, ^c2565.
300 ^  ^a441 หน้า :^bภาพประกอบ ;^c21 ซม
650 ^  ^aการแพทย์^vคำศัพท์.
650 ^  ^aพยาบาล^vคำศัพท์.
650 ^  ^aแพทย์^vคำศัพท์.
650 ^  ^aภาษาอังกฤษ^xคำศัพท์.
650 ^  ^aภาษาอังกฤษ^xการใช้ภาษา.
650 ^  ^aภาษาอังกฤษ^xบทสนทนาและวลี (สำหรับบุคลากรทางการแพทย์).
650 ^  ^aภาษาอังกฤษเทคนิค.
650 ^  ^aภาษาอังกฤษ^xบทสนทนาและวลี.
700 0  ^aอรฤดี เสมาเงิน,^eบรรณาธิการ.
945    ^p1490^l0^i010127
999    ^aประนอม เกษจรัล
รายการนี้ยังไม่มีแท็ก
คุณยังไม่ได้ล็อกอิน คุณสามารถมีกิจกรรมร่วมกับเว็บไซต์ได้ แต่ต้องล็อกอินก่อน ::
  ล็อกอิน

รายการสื่อสารสนเทศ

ลำดับที่ ประเภท เลขเรียก/บาร์โค้ด สถานที่ สถานะ
1. วิทยาศาสตร์การแพทย์ และสุขภาพ
หนังสือสำรอง
สถานะ=หนังสือสำรอง
W13 ท572ภ ฉ.1 
  Barcode: 010127
ห้องสมุดวิทยาเขตสวรรค์ประชารักษ์
►หนังสือทั่วไป
บนชั้น

BibComment


ยังไม่เคยถูกคอมเมนท์

คอมเมนท์ทรัพยากรรายการนี้
  คอมเมนท์: ภาษาอังกฤษทางคลิ..


 Copyright 2026. Bcnsprnw @Library